| 000 | 00906cad a22002055a 4500 | ||
|---|---|---|---|
| 001 | L158092 | ||
| 008 | 140502s2014 xxk f 000 0 eng d | ||
| 035 | _a(Sirsi) u158092 | ||
| 041 | 0 | _aeng | |
| 110 | 2 |
_aUnited Kingdom _bDepartment of Energy and Climate Change _95850 |
|
| 245 | 0 | 0 |
_aGreen Deal Quick Guides _h[electronic resource] |
| 260 |
_aLondon _bDECC _c2014 |
||
| 520 | _aGuidance on the Green Deal consisting of information for householders, owners, tenants and landlords. Includes facts on the Green Deal Home Improvement Fund, a guide to consumer protection and Green Deal Finance. | ||
| 590 | _aKA | ||
| 651 | 4 | _aUnited Kingdom | |
| 690 |
_aEnergy _96237 |
||
| 690 |
_aSustainability _96271 |
||
| 856 | 4 | 0 |
_uhttps://www.gov.uk/government/collections/green-deal-quick-guides _zBrowse the guides free of charge at https://www.gov.uk/government/collections/green-deal-quick-guides |
| 942 | _n0 | ||
| 999 |
_c115135 _d115135 |
||